[Event "SJRH-ch U14"]
[Site "Worms"]
[Date "2001.01.02"]
[Round "7"]
[White "Ollenberger, Roland"]
[Black "Reibel, Andreas"]
[Result "1-0"]
[WhiteElo "1401"]
[BlackElo "1017"]
[PlyCount "97"]
[EventDate "2001.02.??"]
[EventType "swiss"]
[EventRounds "7"]
[EventCountry "GER"]
[SourceTitle "EXT 2003"]
[Source "ChessBase"]
[SourceDate "2002.11.25"]
[SourceVersion "1"]
[SourceVersionDate "2002.11.25"]
[SourceQuality "1"]

1. e4 e5 2. Nf3 Nc6 3. Bb5 Nf6 4. Nc3 a6 5. Bxc6 dxc6 6. 0-0 Bg4 7. h3 Bh5 8. g4 Bg6 9. Nxe5 Bxe4 10. Re1 Qd4 11. Nf3 Qb4 12. d3 0-0-0 13. a3 Qe7 14. Bf4 g6 15. Nxe4 Nxe4 16. Rxe4 Qxe4 17. dxe4 Rxd1+ 18. Rxd1 Bg7 19. Be5 f6 20. Bc3 Re8 21. Re1 Re6 22. e5 Bh8 23. exf6 Rxe1+ 24. Nxe1 Bxf6 25. Bxf6 b5 26. b4 Kb7 27. Bd4 h6 28. f4 g5 29. f5 Kc8 30. f6 Kd7 31. Nf3 Ke6 32. Be5 Kf7 33. Nd4 Kg6 34. Nf5 Kf7 35. Nxh6+ Ke6 36. f7 Kxe5 37. f8Q Kd5 38. Qe7 Kc4 39. Kf2 Kc3 40. Ke3 Kxc2 41. Qd7 Kb3 42. Qxc6 Kxa3 43. Kd3 Kxb4 44. Qc3+ Ka4 45. Qb2 c5 46. Nf5 c4+ 47. Kd4 Ka5 48. Kc5 Ka4 49. Qa2# 1-0

[Event "SJRH-ch U14"]
[Site "Worms"]
[Date "2001.01.02"]
[Round "4"]
[White "Reibel, Andreas"]
[Black "Khalat, David"]
[Result "0-1"]
[WhiteElo "1017"]
[BlackElo "1009"]
[PlyCount "46"]
[EventDate "2001.02.??"]
[EventType "swiss"]
[EventRounds "7"]
[EventCountry "GER"]
[SourceTitle "EXT 2003"]
[Source "ChessBase"]
[SourceDate "2002.11.25"]
[SourceVersion "1"]
[SourceVersionDate "2002.11.25"]
[SourceQuality "1"]

1. e4 e5 2. Nf3 Nc6 3. d4 Qf6 4. d5 Nd4 5. Bg5 Nxf3+ 6. Qxf3 Qxg5 7. Nc3 Bb4 8. Bc4 Bxc3+ 9. bxc3 d6 10. Bb5+ Bd7 11. Bxd7+ Kxd7 12. Qxf7+ Qe7 13. Qf5+ Kd8 14. 0-0 Qf6 15. Qh5 Qh6 16. Qf5 Qf4 17. Qh5 Nf6 18. Qf7 Qh6 19. Rab1 Rb8 20. Rb2 Nxe4 21. Rfb1 a6 22. Rxb7 Rxb7 23. Rxb7 Qc1# 0-1